000 01157na a2200325 4500
001 17446
003 MIRAKIL
005 20181213154856.0
008 161221b tu 000 0
040 _aMilas
_btur
_cTR-AnCHP
041 _atur
082 _aCHP 333.7932
_bE43 2009
090 _aCHP 333.7932 E43 2009
240 _aElektrik raporu
_fKasım 2009
245 _aElektrik
_bKasım 2009
_c[hazırlayan] Cumhuriyet Halk Partisi Bilim, Yönetim, Kültür Platformu
260 _aAnkara
_bCHP Bilim Yönetim Kültür Platformu yayınları
_c2009
300 _a90 s.
_bgrf.
_c28 sm.
440 _aCumhuriyet Halk Partisi Merkez Yönetim Kurulu yayınları
490 _aEnerji Serisi Raporları
610 _aCHP
_xElektrik enerjisi
_yRaporlar
610 _aCHP
_xEnerji
_yRaporlar, 2009
_yÇözüm önerileri
651 _aTürkiye
_xElektrik enerjisi
_yRaporlar
657 _aCHP enerji raporu
657 _aElektrik enerjisi sektörü
_zTürkiye
710 _aCumhuriyet Halk Partisi
_bBilim Yönetim Kültür Platformu
740 _aEnerji raporu
830 _aEnerji Serisi raporları
830 _aCHP raporları
942 _2ddc
_cBKS
999 _c2417
_d2417